| 000 | 00902nam a22002417a 4500 | ||
|---|---|---|---|
| 005 | 20080617145953.0 | ||
| 008 | 080617t xxu||||| |||| 00| 0 eng d | ||
| 010 | _aENG-90331 | ||
| 020 |
_c695.00 _a9780415476225 |
||
| 035 | _aEN-73864 | ||
| 037 | _bDBAD / PUB | ||
| 040 |
_aDPL _bEN |
||
| 082 | _a303.60954 | ||
| 245 |
_aArmed conflicts in South Asia 2008: _cedited by D. Suba Chandran [and] P. R. Chari _bgrowing violence / |
||
| 260 |
_aNew Delhi _bRoutledge _c2008 |
||
| 270 |
_a912-915, Tolstoy House, _bNew Delhi _e110001 |
||
| 300 |
_avii, 280p. _c23 cm (Hb) |
||
| 500 | _aIncludes index | ||
| 700 | _aChandran, D. Suba | ||
| 700 | _aChari, P. R. | ||
| 942 |
_cEN _h303.60954 _2ddc _mARM |
||
| 999 |
_c13750 _d13750 |
||